Normal view
MARC view
- South Asia -- Foreign relations -- 21st century. Diplomatic relations. South Asia.
Entry Topical Term
001 - CONTROL NUMBER
- control field: 3123
003 - CONTROL NUMBER IDENTIFIER
- control field: NUST
005 - DATE AND TIME OF LATEST TRANSACTION
- control field: 20170622150621.0
008 - FIXED-LENGTH DATA ELEMENTS
- fixed length control field: 170622|| aca||aabn | a|a d
040 ## - CATALOGING SOURCE
- Original cataloging agency: NUST
- Transcribing agency: NUST
150 ## - HEADING--TOPICAL TERM
- Topical term or geographic name entry element: South Asia -- Foreign relations -- 21st century. Diplomatic relations. South Asia.
670 ## - SOURCE DATA FOUND
- Source citation: Work cat.: (NUST): South Asia and the Great Powers, 2017
